000 00670nam a22001937a 4500
010 _aB-529804
020 _a9789380658742
_c295.00
035 _aB-529804
037 _bUBH
082 _aN
100 _aAmish
245 _aThe immortals of Meluha/
_cby Amish
260 _aChennai
_bWestland
_c2010
270 _a61, Silverline Building, 2nd floor, Alapakkam Main Road Mauravoyal
_bChennai
_e600095
300 _a415p
_c18cm(pb)
490 _aShiva Trilogy 1
942 _2ddc
_cEN
_hN
_mAMI
999 _c83712
_d83712